| 000 -CABECERA |
| Longitud fija campo de control |
00735nam a2200217 u 4500 |
| 001 - NÚMERO DE CONTROL |
| Número de control |
991061179176706706 |
| 003 - IDENTIFICADOR DEL NÚMERO DE CONTROL |
| Identificador del número de control |
OSt |
| 005 - FECHA Y HORA DE LA ÚLTIMA TRANSACCIÓN |
| Fecha y hora de la última transacción |
20240925112253.0 |
| 008 - CÓDIGOS DE INFORMACIÓN DE LONGITUD FIJA |
| Códigos de información de longitud fija |
s2021 xx r 000 0 cat d |
| 020 ## - NÚMERO INTERNACIONAL NORMALIZADO PARA LIBROS |
| Número Internacional Normalizado para Libros (ISBN) |
9788410255098 |
| 040 ## - FUENTE DE LA CATALOGACIÓN |
| Centro catalogador de origen |
CDMR |
| Lengua de catalogación |
cat |
| Centro transcriptor |
CDMR |
| 100 1# - PUNTO DE ACCESO PRINCIPAL-NOMBRE DE PERSONA |
| Nombre de persona |
Giró, Xavier |
| 9 (RLIN) |
415 |
| 245 ## - MENCIÓN DE TÍTULO |
| Título |
Contra la neutralitat |
| Resto del título |
: un periodisme de pau i de lluita |
| Mención de responsabilidad, etc. |
/ Xavier Giró Martí |
| 260 ## - PUBLICACIÓN, DISTRIBUCIÓN, ETC. (PIE DE IMPRENTA) |
| Lugar de publicación, distribución, etc. |
Sant Cugat del Vallès : |
| Nombre del editor, distribuidor, etc. |
Pol·len Edicions : |
| -- |
Crític, |
| Fecha de publicación, distribución, etc. |
2024 |
| 300 ## - DESCRIPCIÓN FÍSICA |
| Extensión |
327 pàgines |
| 490 ## - MENCIÓN DE SERIE |
| Mención de serie |
L'Observatori |
| Designación de volumen o secuencia |
; 42 |
| 650 #0 - PUNTO DE ACCESO ADICIONAL DE MATERIA - TÉRMINO DE MATERIA |
| 9 (RLIN) |
3820 |
| Término de materia o nombre geográfico como elemento inicial |
Conflictes socials en els mitjans de comunicació de massa |
| 650 #0 - PUNTO DE ACCESO ADICIONAL DE MATERIA - TÉRMINO DE MATERIA |
| 9 (RLIN) |
3195 |
| Término de materia o nombre geográfico como elemento inicial |
Drets humans |
| 650 #0 - PUNTO DE ACCESO ADICIONAL DE MATERIA - TÉRMINO DE MATERIA |
| 9 (RLIN) |
4748 |
| Término de materia o nombre geográfico como elemento inicial |
Guerra en els mitjans de comunicació de massa |
| 942 ## - ENTRADA DE ELEMENTOS AGREGADOS (KOHA) |
| Fuente de clasificaión o esquema |
|
| Koha [por defecto] tipo de item |
Monografies |